Magnetismo terrestre (Record no. 1285)

MARC details
000 -LEADER
fixed length control field 00513nam a2200169Ia 4500
003 - CONTROL NUMBER IDENTIFIER
control field IN-BaIIA
008 - FIXED-LENGTH DATA ELEMENTS--GENERAL INFORMATION
fixed length control field 211028s9999 xx 000 0 eng d
040 ## - CATALOGING SOURCE
Transcribing agency IIA Library
080 ## - UNIVERSAL DECIMAL CLASSIFICATION NUMBER
Universal Decimal Classification number 550.38
Item number AZP
100 ## - MAIN ENTRY--PERSONAL NAME
Personal name Azpiazu, Uealdo De
9 (RLIN) 2667
245 #0 - TITLE STATEMENT
Title Magnetismo terrestre
Statement of responsibility, etc. por Ubaldo de Azpiazu and Rodrigo Gil.
260 ## - PUBLICATION, DISTRIBUTION, ETC.
Place of publication, distribution, etc. Madrid
Name of publisher, distributor, etc. Tallers Del Instituto Geo Eraico Y Estadistico
Date of publication, distribution, etc. 1919
300 ## - PHYSICAL DESCRIPTION
Extent vi, 101p.
650 ## - SUBJECT ADDED ENTRY--TOPICAL TERM
Topical term or geographic name entry element Astronomy and Astrophysics Thesaurus
700 ## - ADDED ENTRY--PERSONAL NAME
Personal name Gil Rodrigogil
9 (RLIN) 2668
942 ## - ADDED ENTRY ELEMENTS (KOHA)
Koha item type Books
Holdings
Withdrawn status Lost status Damaged status Not for loan Home library Current library Shelving location Date acquired Total Checkouts Full call number Barcode Date last seen Date last checked out Price effective from Koha item type
        IIA Library-Bangalore IIA Library-Bangalore General Stacks   1 550.38/ AZP 1362 23/05/2026 30/12/2021   Books

Powered by Koha